00794nam a22002657a 4500003000500000005001700005008004100022010001000063011001000073035001000083040000900093082001700102100001800119245006600137260007100203300002000274490003600294500001100330650003400341650003100375650002300406700001900429710004400448830003600492CHAP20220329141507.0971013s1986 r 00010 d a69029 a70001 a79480 cCHAP a636.3016bD800aDurbey, J. P. aToxoplasmosis in sheepb: a review and annotated bibliography aSt. Albans, Herts :bCommonwealth Institute of Parasitology,c1986 a152 p.b: ilus. aMiscellaneous publicationv; 10 a32-18014aGanado lanarxBibliografía.14aGanado lanarxParásitos.14aToxoplasma gondii.0 aTowle, Angela.0 aCommonwealth Institute of Parasitology.0 aMiscellaneous publicationv; 10